Top 100 MLB Players for 2023 - Statistics

General Stats
  • This quiz has been taken 1,348 times
  • The average score is 69 of 100
Answer Stats
# Team Position Answer % Correct
2 Yankees RF Aaron Judge
99%
3 Angels CF Mike Trout
99%
1 Angels DH/SP Shohei Ohtani
99%
4 Dodgers RF Mookie Betts
97%
5 Padres 3B Manny Machado
95%
10 Dodgers 1B Freddie Freeman
94%
26 Padres SS Fernando Tatis Jr.
93%
6 Cardinals 3B Nolan Arenado
93%
11 Phillies SS Trea Turner
93%
7 Cardinals 1B Paul Goldschmidt
92%
17 Phillies RF Bryce Harper
91%
8 Guardians 3B José Ramírez
91%
23 Astros 2B Jose Altuve
90%
25 Braves CF Ronald Acuña Jr.
89%
9 Astros LF/DH Yordan Álvarez
89%
21 Mets SS Francisco Lindor
88%
14 Mets SP Justin Verlander
88%
15 Mets SP Max Scherzer
87%
18 Blue Jays 1B Vladimir Guerrero Jr.
87%
28 Rangers SP Jacob deGrom
86%
12 Padres RF Juan Soto
86%
31 Mets 1B Pete Alonso
86%
24 Astros 3B Alex Bregman
85%
37 Yankees SP Gerrit Cole
85%
16 Mariners CF Julio Rodríguez
85%
19 Red Sox 3B Rafael Devers
84%
22 Twins SS Carlos Correa
83%
33 Rangers SS Corey Seager
83%
29 Phillies C J.T. Realmuto
83%
20 Braves 3B Austin Riley
82%
34 Blue Jays SS Bo Bichette
81%
30 Astros RF Kyle Tucker
81%
27 Brewers SP Corbin Burnes
80%
42 Dodgers C Will Smith
80%
13 Marlins SP Sandy Alcántara
79%
43 Braves 1B Matt Olson
78%
81 Dodgers SP Clayton Kershaw
74%
39 Cubs SS Dansby Swanson
74%
51 Mets RP Edwin Díaz
74%
98 Rays INF Yandy Díaz
74%
35 Phillies SP Zach Wheeler
74%
79 Phillies SP Aaron Nola
73%
48 Twins CF Byron Buxton
73%
46 Rangers 2B Marcus Semien
73%
36 Braves SP Max Fried
71%
41 Orioles C Adley Rutschman
70%
40 Astros 1B José Abreu
70%
44 Phillies LF Kyle Schwarber
69%
53 Braves CF Michael Harris II
69%
49 Blue Jays CF George Springer
68%
58 Rays SS Wander Franco
68%
32 Padres SS Xander Bogaerts
68%
65 Braves SP Spencer Strider
67%
74 Yankees 1B Anthony Rizzo
66%
45 Mets 2B Jeff McNeil
65%
52 Guardians RP Emmanuel Clase
63%
64 Astros SS Jeremy Peña
63%
72 White Sox SS Tim Anderson
63%
38 Yankees SP Carlos Rodón
62%
56 Astros SP Framber Valdez
62%
71 Orioles CF Cedric Mullins
61%
73 Cardinals C Willson Contreras
61%
60 Pirates OF Bryan Reynolds
60%
100 Yankees OF/DH Giancarlo Stanton
60%
54 Mets CF Brandon Nimmo
59%
92 Royals SS Bobby Witt Jr.
58%
86 White Sox CF Luis Robert
58%
75 Blue Jays 3B Matt Chapman
58%
62 Rays LF Randy Arozarena
58%
59 Brewers SS Willy Adames
58%
69 Diamondbacks SP Zac Gallen
58%
76 Guardians SP Shane Bieber
57%
99 Rangers OF Adolis García
55%
90 Blue Jays C Alejandro Kirk
55%
55 White Sox SP Dylan Cease
55%
61 Mets RF Starling Marte
55%
47 Guardians 2B Andrés Giménez
54%
77 Brewers SP Brandon Woodruff
53%
50 Dodgers SP Julio Urías
53%
84 Braves C Sean Murphy
53%
70 Rangers 1B Nathaniel Lowe
52%
91 Yankees SP Nestor Cortes
52%
88 Diamondbacks 1B Christian Walker
51%
67 Mariners SP Luis Castillo
51%
82 Brewers RP Devin Williams
50%
95 Padres SP Yu Darvish
50%
57 Blue Jays SP Alek Manoah
49%
93 Marlins 2B/OF Jazz Chisholm Jr.
49%
94 Phillies 1B Rhys Hoskins
49%
66 Guardians LF Steven Kwan
49%
63 Marlins INF Luis Arraez
48%
97 Giants SP Logan Webb
47%
68 Rays SP Shane McClanahan
44%
78 Cardinals 2B Tommy Edman
42%
85 Blue Jays C/OF Daulton Varsho
41%
96 Padres SP Joe Musgrove
41%
87 White Sox LF Eloy Jiménez
38%
80 Astros SP Cristian Javier
35%
83 Mariners OF Teoscar Hernández
33%
89 Mariners INF Ty France
30%
No matching quizzes found
Score Distribution
Percent of People with Each Score
Percentile by Number Answered
Your Score History
You have not taken this quiz